| 000 | 00000nam##2200000za#4500 |
| 001 | 9.698005 |
| 003 | CaOODSP |
| 005 | 20241203113637 |
| 007 | cr ||||||||||| |
| 008 | 150407|2007||||xxc|||||o f|0| 0 eng|d |
| 040 | |aCaOODSP|beng |
| 043 | |an-cn--- |
| 086 | 1 |aEn4-215/2007E-PDF |
| 110 | 1 |aCanada. |bEnvironment Canada. |
| 245 | 10|aEvaluation of Environment Canada's Bilateral Cooperation Program under the Multilateral Fund of the Montreal Protocol |h[electronic resource] |
| 260 | |aGatineau - Quebec : |bEnvironment Canada |cMarch 2007. |
| 300 | |a76p.|bfig., tables |
| 590 | |a13-14-Supp|b2013-05-30 |
| 690 | 07|aCooperation agreements|2gcpds |
| 775 | 08|tÉvaluation du Programme de coopération bilatérale d'Environnement Canada découlant du Fonds multilatéral du Protocole de Montréal |w(CaOODSP)9.642002 |
| 856 | 40|ahttp://publications.gc.ca|qPDF|s431 KB|uhttps://publications.gc.ca/collections/collection_2013/ec/En4-215-2007-eng.pdf |